01086cam a2200265 4500952013200000999001700132001000800149003000400157005001700161008004100178040000900219082001800228100002200246245006600268260004100334300000900375350000900384490005300393500016600446504003200612651004800644651004100692906004500733942004200778 00102ddc40708HISTORYaMESbMEScHISd2019-02-20g22.00l0o942.06 AYL/Sp11164r2019-02-20 00:00:00w2019-02-20yBKzGL38R2 c34814d348141302573OSt20200201104059.0690321r19681963nyuabc b 001 0 eng  coclc00a942.06bAYL/S aAylmer, G E9173814aThe struggle for the Constitution, 1603-1689 /c G. E. Aylmer aDelhi:bSurjeet Publications,c1978. a267p a3.000 aBlandford history series. The history of England aFirst published in 1963 under titles: A short history of seventeenth-century England (New York ed.) and The struggle for the constitution, 1603-1689 (London ed.) aBibliography: p. [247]-251. 0aGreat BritainxHistoryyStuarts, 1603-1714. 0aEnglandxCivilizationy17th century. a7bcbccorignewduencipf19gy-gencatlg 2ddccBKh942.06iAYL/Sk942.06mAYL/S